Метод синтеза нитрида вольфрама; Физика и химия наноматериалов

Bibliografske podrobnosti
Parent link:Физика и химия наноматериалов.— 2005.— С. 795-798
Glavni avtor: Толбанова Л. О. Людмила Олеговна
Drugi avtorji: Годымчук А. Ю. Анна Юрьевна, Ильин А. П. Александр Петрович
Izvleček:В фонде НТБ ТПУ отсутствует
Jezik:ruščina
Izdano: 2005
Teme:
Format: Book Chapter
KOHA link:https://koha.lib.tpu.ru/cgi-bin/koha/opac-detail.pl?biblionumber=597935

MARC

LEADER 00000naa0a2200000 4500
001 597935
005 20250217144732.0
035 |a (RuTPU)RU\TPU\tpu\21402 
035 |a RU\TPU\tpu\21400 
090 |a 597935 
100 |a 20120601d2005 k y0rusy50 ca 
101 0 |a rus 
102 |a RU 
200 1 |a Метод синтеза нитрида вольфрама  |f Л. О. Толбанова, А. Ю. Годымчук, А. П. Ильин 
320 |a Библиогр.: 6 назв. 
333 |a В фонде НТБ ТПУ отсутствует 
463 |t Физика и химия наноматериалов  |o сборник материалов Международной школы-конференции молодых ученых, Томск, 13-16 декабря 2005 г.  |v С. 795-798  |d 2005 
610 1 |a труды учёных ТПУ 
700 1 |a Толбанова  |b Л. О.  |c химик  |c доцент Томского политехнического университета, кандидат технических наук  |f 1982-  |g Людмила Олеговна  |3 (RuTPU)RU\TPU\pers\25503 
701 1 |a Годымчук  |b А. Ю.  |c специалист в области нанотехнологий и наноматериалов  |c доцент Томского политехнического университета, кандидат технических наук  |f 1978-  |g Анна Юрьевна  |3 (RuTPU)RU\TPU\pers\26193  |4 070  |9 12001 
701 1 |a Ильин  |b А. П.  |c химик  |c профессор Томского политехнического университета, доктор физико-математических наук  |f 1949-  |g Александр Петрович  |3 (RuTPU)RU\TPU\pers\25487  |4 070 
801 1 |a RU  |b 63413507  |c 20120601 
801 2 |a RU  |b 63413507  |c 20120601  |g RCR 
942 |c BK